000 02226cam a22005294i 4500
003 PE-LiUPU
005 20250731173349.0
008 150706s2001 ne rb 000 0 eng d
020 _a9004124497
035 _a(Sirsi) i9789004124493
040 _aPE-LiUPU
_bspa
_cPE-LiUPU
_erda
049 _aPRUA
082 0 4 _a221.4
_bK71
_221
100 1 _aKoehler, Ludwig,
_d1880-1956,
_eautor.
245 1 4 _aThe Hebrew and aramaic lexicon of the Old Testament /
_cpor Ludwig Koehler y Walter Baumgartner ; subsecuentemente revisado por Walter Baumgartner y Johann Jakob Stamm ; con asitencia de Benedikt Hartmann . [et al.].
264 1 _aLeiden :
_bThe Netherlands : Koninklijke Brill,
_c2001.
300 _a2094 páginas ;
_c22 centímetros
336 _atext
_2rdacontent
337 _aunmediated
_2rdamedia
338 _avolume
_2rdacarrier
504 _aIncluye bibliografía.
505 0 _aPreface to Volume III of the first English Edition -- Preface to Volume IV of the first English Edition -- Preface to Volume lV of the first English Edition -- Foreword to Volume V of the German Edition -- Aramaic Lexicon -- Supplementary Bibliography.
526 _aSEG42
526 _aSEG41
526 _aSEG40
526 _aSEG39
526 _aP94
526 _aP87
526 _aP86
526 _aP85
526 _aP77
526 _aP76
526 _aP35
541 _g002-797190-7808208;
630 0 4 _aBiblia.
_pA.T.
_xLenguaje, estilo.
650 1 4 _aArameo
_vDiccionarios
_xInglés.
650 1 4 _aHebreo
_vDiccionarios
_xInglés.
700 1 _aBaumgartner, Walter,
_d1887- ,
_eautor.
700 1 _aRichardson, M. E. J.1943-
700 1 _aStamm, Johann Jakob1910-1993,
_erev.
910 _agl
_bjv
_clch
_d20100209
942 _2ddc
_cBOOK
949 _a221.4 K71 2
_wDEWEY
_c1
_i60946
_lCCODEBUL1
_mBUL
_p107.00
_r0
_sY
_tBOOK
_u2015-7-6
_xTEOLOGIA
_zUNKNOWN
_0COMPRA
_o.STAFF. Colección General
994 _aC0
_bPEPRU
596 _a1
999 _a221.4 K71 2
_wDEWEY
_c50298
_i60946
_d50298
_e2017-12-10
_f2021-11-9
_g6
_lCCODEBUL1
_mBUL
_n8
_p107.00
_q8
_r0
_sY
_tBOOK
_u2015-7-6
_xTEOLOGIA
_PP35
_0COMPRA
_o.STAFF. Colección Teología
980 _81
_gALBERTO SANCHEZ Responsable de Automatización